00000000nas 2200000zi 4500
0019.838497
003CaOODSP
00520251126171154
006m     o  d f      
007cr cn ||||||||
008170619c20179999oncar p o    f0   b0fre|d
022 |a2560-8932
040 |aCaOODSP|bfre|erda|cCaOODSP
043 |an-cn---
0861 |aFD2-4F-PDF
1102 |aCentre d'analyse des opérations et déclarations financières du Canada.|eauteur, |eorganisme de publication.
222 0|aRapport sur les résultats ministériels |b(Centre d'analyse des opérations et déclarations financières du Canada)
24510|aRapport sur les résultats ministériels / |cCentre d'analyse des opérations et déclarations financières du Canada.
264 1|aOttawa (Ontario) Canada : |bCentre d'analyse des opérations et déclarations financières du Canada, |c[2017]-
310 |aAnnuel
336 |atexte|btxt|2rdacontent/fre
337 |ainformatique|bc|2rdamedia/fre
338 |aressource en ligne|bcr|2rdacarrier/fre
3621 |aParaît depuis : 2016/2017.
500 |aPublié aussi en anglais sous le titre : Departmental results report.
588 |aDescription d'après : 2016/2017; titre de la page couverture du fichier PDF.
588 |aDernière livraison consultée : 2024/2025.
61026|aCentre d'analyse des opérations et déclarations financières du Canada|xCrédits budgétaires et dépenses|vPériodiques.
650 6|aDépenses publiques|vPériodiques.
655 7|aPériodiques|2rvmgf
77508|tDepartmental results report / |w(CaOODSP)9.838496
78000|tRapport ministériel sur le rendement pour la période se terminant le 31 mars ... |w(CaOODSP)9.502934